History beckons Goodluck Jonathan: a collection of speeches (Record no. 40823)

MARC details
000 -LEADER
fixed length control field 00515nam a2200169Ia 4500
020 ## - INTERNATIONAL STANDARD BOOK NUMBER
ISBN 9789785293302
050 ## - CALL MARK
Classification number PN 6122 .H57/
100 ## - STATEMENT OF RESPONSIBILITY--MAIN AUTHOR NAME
Personal name Office of the special adviser to the president on research, documentation and strategy
245 #0 - TITLE STATEMENT
Title History beckons Goodluck Jonathan: a collection of speeches
260 ## - PUBLICATION, DISTRIBUTION, ETC. (IMPRINT)
Place of publication Abuja
260 ## - PUBLICATION, DISTRIBUTION, ETC. (IMPRINT)
Name of publisher Research, Documentation and strategy
260 ## - PUBLICATION, DISTRIBUTION, ETC. (IMPRINT)
Year of publication 2015
650 ## - SUBJECT ADDED ENTRY--TOPICAL TERM
Topical Term Abuja
942 ## - ADDED ENTRY ELEMENTS (KOHA)
Koha item type Books
Holdings
Withdrawn status Lost status Damaged status Not for loan Permanent Location Current Location Shelving location Date acquired Accession Number Price effective from Koha item type
        NILE UNIVERSITY OF NIGERIA - MAIN LIBRARY NILE UNIVERSITY OF NIGERIA - MAIN LIBRARY Items on shelf 06/03/2025 0184923 06/03/2025 Books
        NILE UNIVERSITY OF NIGERIA - MAIN LIBRARY NILE UNIVERSITY OF NIGERIA - MAIN LIBRARY Items on shelf 06/03/2025 0184924 06/03/2025 Books